00235nam a2200085 a 450000500170000000800410001724500660005826000120012404000130013620200930065733.0110719s2004 000 spa d 0aLegal guide to tourism development in the Dominican Republic. c[s.f.]. aDO-SdBNP